000 00467nam a2200169Ia 4500
008 230917s9999||||xx |||||||||||||| ||und||
020 _cUSD119.5
040 _e256696
_aMAIN
041 _aEnglish
082 _a547.2 F951E
100 _aFuchs, Philip L, ed.
245 0 _aEssential reagents for organic synthesis
260 _aChichester
_bJohn Wiley
_c2016
300 _axiv, 622 p.
500 _a3557 26/07/2019 RBP19/76957 30/09/2019 Main Budget
942 _cBK
999 _c32119
_d32119